00485nam a22001817a 4500003000500000005001700005008004100022010001000063011001000073035001000083040000900093082001600102100002600118245007100144260002900215300001900244650004000263CHAP20220329134335.0971013s1950 r 00010 d a19020 a19992 a24079 cCHAP a544.83bA5800aAlvarez Querol, M. C. aFundamentos de química analítica en micro y ultramicro escalas aMadrid :bAguilar,c1950 a218 p.b: ilus14aQuímica analítica cuantitativa.